Siete años en el Tíbet

Guardado en:
Bibliografiske detaljer
Hovedforfatter: Harrer, Heindrich
Format: Bog
Sprog:Undetermined
Udgivet: Barcelona, España Editorial Juventud 1953
Fag:
Tags: Tilføj Tag
Ingen Tags, Vær først til at tagge denne postø!

MARC

LEADER 00000nam a2200000Ia 4500
008 170316s9999 xx 000 0 und d
040 |a cru BVZT 
090 |a 830 H-2s 
100 |a Harrer, Heindrich 
245 |a Siete años en el Tíbet 
260 |a Barcelona, España 
260 |b Editorial Juventud 
260 |c 1953 
300 |a 273 páginas 
650 |a LITERATURA ALEMANA 
999 |c 7350  |d 7350 
942 |c 15 D  |h 830 H-2s  |2 z